书目信息 |
| 题名: |
民族管弦乐总谱写法
|
|
| 作者: | 李民雄 著 | |
| 分册: | ||
| 出版信息: | 上海 上海文艺出版社 1979 |
|
| 页数: | 151页 | |
| 开本: | 19cm | |
| 丛书名: | ||
| 单 册: | ||
| 中图分类: | J614.4 | |
| 科图分类: | ||
| 主题词: | 民族乐器-管弦乐法 , 管弦乐法-民族乐器 | |
| 电子资源: | ||
| ISBN: | ||
| 000 | 00621nam0 2200229 45 | |
| 001 | 0179002307 | |
| 005 | 20060801081544.04 | |
| 010 | @dCNY0.50 | |
| 091 | @aCN@b8078.3086 | |
| 100 | @a19950724d1979 em y0chiy0121 ea | |
| 101 | 0 | @achi |
| 102 | @aCN@b310000 | |
| 105 | @ay z 000yy | |
| 200 | 10 | @a民族管弦乐总谱写法@Amin zu guan xian yue zong pu xie fa@f李民雄著 |
| 210 | @a上海@c上海文艺出版社@d1979 | |
| 215 | @a151页@d19cm | |
| 606 | @a民族乐器-管弦乐法 | |
| 606 | @a管弦乐法-民族乐器 | |
| 690 | @aJ614.4@v3 | |
| 701 | 0 | @a李民雄@Ali min xiong@4著 |
| 801 | 0 | @aCN@bTSSF@c20060801 |
| 905 | @a10447@dJ614.4@e320 | |
| 民族管弦乐总谱写法/李民雄著.-上海:上海文艺出版社,1979 |
| 151页;19cm |
| ISBN :CNY0.50 |
| ● |
| 相关链接 |
|
|
|
|
正题名:民族管弦乐总谱写法
索取号:J614.4/320
 
预约/预借
| 序号 | 登录号 | 条形码 | 馆藏地/架位号 | 状态 | 备注 |
| 1 | 0444015 | 204440159 | 密集书库/ [索取号:J614.4/320] | 在馆 |